África (Record no. 184008)

MARC details
000 -LEADER
campo de control de longitud fija 00824nam a2200253 i 4500
001 - NÚMERO DE CONTROL
campo de control 184008
003 - IDENTIFICADOR DE NÚMERO DE CONTROL
campo de control ES-MaACL
005 - FECHA Y HORA DE LA ÚLTIMA TRANSACCIÓN
campo de control 20231114124612.0
008 - DATOS DE LONGITUD FIJA--INFORMACIÓN GENERAL
campo de control de longitud fija 150216s2007 sp |||| | spa d
020 ## - NÚMERO INTERNACIONAL ESTÁNDAR DEL LIBRO
Número Internacional Estándar del Libro 978-84-611-9316-5
080 ## - NÚMERO DE LA CLASIFICACIÓN DECIMAL UNIVERSAL
Número de la Clasificación Decimal Universal 821.134.2-1
100 1# - ENTRADA PRINCIPAL--NOMBRE DE PERSONA
Nombre de persona Lopera, José María.
9 (RLIN) 147304
245 10 - MENCIÓN DEL TÍTULO
Título África
Resto del título : (poesía-poetry) /
Mención de responsabilidad, etc. José María Lopera.
246 31 - FORMA VARIANTE DEL TITULO
Título propio/Titulo breve África
Resto del título : poetry
250 ## - MENCION DE EDICION
Mención de edición Ed. bilingüe.
260 ## - PUBLICACIÓN, DISTRIBUCIÓN, ETC.
Lugar de publicación, distribución, etc. [Málaga] :
Nombre del editor, distribuidor, etc. I. Castillo Ediciones,
Fecha de publicación, distribución, etc. D.L. 2007.
300 ## - DESCRIPCIÓN FÍSICA
Extensión 61 p. ;
Dimensiones 22 cm.
546 ## - NOTA DE IDIOMA
Nota de lengua/lenguaje Texto en español e inglés.
852 ## - LOCALIZACIÓN
Ubicación ES-MaACL
Número de control de estantería A-13372
itemnumber 190974
Sublocalización o colección R.150147
Ubicación en estantería Depósito 1
Signatura antigua Olim: N-6372
Donativo/Legado Donación: José María Lopera
903 ## - NOMBRE PERSONAL DE DONANTE
9 147304
a Lopera, José María
e Donante
942 ## - ELEMENTOS DE ENTRADA SECUNDARIOS (KOHA)
Fuente del sistema de clasificación o colocación Clasificación decimal universal
Tipo de ítem Koha Libro impreso
Holdings
Estatus retirado Estado de pérdida Fuente del sistema de clasificación o colocación Estado de daño No para préstamo Biblioteca de origen Biblioteca actual Ubicación en estantería Fecha de adquisición Fuente de adquisición Total de préstamos Signatura topográfica completa Código de barras Visto por última vez Precio de reemplazo Tipo de ítem Koha
    Clasificación decimal universal     Biblioteca del Ateneo de Madrid Biblioteca del Ateneo de Madrid Depósito 1 16/02/2015 Donación   A-13372 1193494 23/02/2023 23/02/2023 Libro impreso